000 00513nam a22001697a 4500
003 OSt
008 260513b |||||||| |||| 00| 0 eng d
020 _a9780367477554
082 _a597.01
_bC97P
245 _aThe Physiology of Fishes/
_bedited by Suzanne Currie, David H. Evans
260 _aBoca Raton:
_bCRC Press;
_c2021.
300 _axiv, 241 p.
650 _aPure Sciences | Zoological Sciences | Fishes | Fish Physiology
700 _aCurrie, Suzanne
700 _aEvans, David H.
942 _2ddc
_cBK
999 _c50584
_d50584